000 00523nam a2200205Ia 4500
003 OSt
005 20250314124548.0
008 231217s9999 xx 000 0 und d
020 _a8172861249
040 _c0
041 _aEnglish
082 _a658.15 PHA;1 R
100 _aPhaneesh, K R. Suresh, R. Sukumaran, S ed.
245 0 _aEngineering economy
260 _c2006
_bSudha Publ.
_aBangalore
300 _a271
400 _aSudha's student friendly text book series
650 _aeconomy
942 _cAA
_2ddc
999 _c196121
_d196121